<?xml version="1.0" encoding="UTF-8"?>
<record
    xmlns:xsi="http://www.w3.org/2001/XMLSchema-instance"
    xsi:schemaLocation="http://www.loc.gov/MARC21/slim http://www.loc.gov/standards/marcxml/schema/MARC21slim.xsd"
    xmlns="http://www.loc.gov/MARC21/slim">

  <leader>00961na  a2200265   4500</leader>
  <controlfield tag="001">15911</controlfield>
  <controlfield tag="003">MIRAKIL</controlfield>
  <controlfield tag="005">20181213155155.0</controlfield>
  <controlfield tag="008">161108b        tu            000 0      </controlfield>
  <datafield tag="035" ind1=" " ind2=" ">
    <subfield code="a">15911</subfield>
  </datafield>
  <datafield tag="040" ind1=" " ind2=" ">
    <subfield code="a">Milas</subfield>
    <subfield code="b">tur</subfield>
    <subfield code="c">TR-AnCHP</subfield>
  </datafield>
  <datafield tag="082" ind1=" " ind2=" ">
    <subfield code="a">CHP 338.1561</subfield>
    <subfield code="b">E13t 1975</subfield>
  </datafield>
  <datafield tag="090" ind1=" " ind2=" ">
    <subfield code="a">CHP 338.1561 E13t 1975</subfield>
  </datafield>
  <datafield tag="100" ind1=" " ind2=" ">
    <subfield code="a">Ecevit, B&#xFC;lent</subfield>
    <subfield code="d">1925-2006</subfield>
  </datafield>
  <datafield tag="245" ind1=" " ind2=" ">
    <subfield code="a">T&#xFC;rkiye'nin neresinde ne yeti&#x15F;ece&#x11F;ini, t&#xFC;rklerden...</subfield>
    <subfield code="c">B&#xFC;lent Ecevit </subfield>
  </datafield>
  <datafield tag="260" ind1=" " ind2=" ">
    <subfield code="a">Ankara</subfield>
    <subfield code="b">[yay.y.]</subfield>
    <subfield code="c">1975</subfield>
    <subfield code="f">Ajans-T&#xFC;rk Matbaac&#x131;l&#x131;k</subfield>
  </datafield>
  <datafield tag="300" ind1=" " ind2=" ">
    <subfield code="a">8 s.</subfield>
    <subfield code="c">16 sm.</subfield>
  </datafield>
  <datafield tag="500" ind1=" " ind2=" ">
    <subfield code="a">Kitab&#x131;n tam ad&#x131; : T&#xFC;rkiye'nin neresinde ne yeti&#x15F;ece&#x11F;ine, t&#xFC;rklerden ba&#x15F;ka kimse kar&#x131;&#x15F;amaz</subfield>
  </datafield>
  <datafield tag="500" ind1=" " ind2=" ">
    <subfield code="a">Bu kitap cumhuriyet halk partisi genel ba&#x15F;kan&#x131; B&#xFC;lent Ecevit'in konu&#x15F;malar&#x131;ndan olu&#x15F;maktad&#x131;r.</subfield>
  </datafield>
  <datafield tag="600" ind1=" " ind2=" ">
    <subfield code="a">Ecevit, B&#xFC;lent</subfield>
    <subfield code="x">Konu&#x15F;malar</subfield>
  </datafield>
  <datafield tag="650" ind1=" " ind2=" ">
    <subfield code="a">Ha&#x15F;ha&#x15F; Ekimi</subfield>
    <subfield code="x">D&#x131;&#x15F; siyaset</subfield>
  </datafield>
  <datafield tag="650" ind1=" " ind2=" ">
    <subfield code="a">Ha&#x15F;ha&#x15F; Ekimi</subfield>
    <subfield code="x">Sorunlar</subfield>
  </datafield>
  <datafield tag="651" ind1=" " ind2=" ">
    <subfield code="a">T&#xFC;rkiye</subfield>
    <subfield code="x">Tar&#x131;m</subfield>
  </datafield>
  <datafield tag="942" ind1=" " ind2=" ">
    <subfield code="2">dcc</subfield>
    <subfield code="c">BKS</subfield>
  </datafield>
  <datafield tag="952" ind1=" " ind2=" ">
    <subfield code="a">0001</subfield>
    <subfield code="b">0001</subfield>
    <subfield code="d">2016-09-27</subfield>
    <subfield code="e">2</subfield>
    <subfield code="l">0</subfield>
    <subfield code="o">CHP 338.1561 E13t 1975</subfield>
    <subfield code="p">004580</subfield>
    <subfield code="r">2016-09-27 00:00:00</subfield>
    <subfield code="v">0.00</subfield>
    <subfield code="w">2016-09-27</subfield>
    <subfield code="y">BKS</subfield>
  </datafield>
  <datafield tag="952" ind1=" " ind2=" ">
    <subfield code="a">0001</subfield>
    <subfield code="b">0001</subfield>
    <subfield code="d">2017-01-12</subfield>
    <subfield code="e">2</subfield>
    <subfield code="l">0</subfield>
    <subfield code="o">CHP 338.1561 E13t 1975</subfield>
    <subfield code="p">011458</subfield>
    <subfield code="r">2017-01-12 00:00:00</subfield>
    <subfield code="t">k.2</subfield>
    <subfield code="v">0.00</subfield>
    <subfield code="w">2017-01-12</subfield>
    <subfield code="y">BKS</subfield>
  </datafield>
  <datafield tag="999" ind1=" " ind2=" ">
    <subfield code="c">7955</subfield>
    <subfield code="d">7955</subfield>
  </datafield>
</record>
